01117cam a2200277 a 4500001000400000003001000004005001700014008004100031020001800072040002500090080002100115090002200136100003800158245019700196260003800393300002700431490006500458504002500523650002700548650002200575650002900597830006200626942001200688952012600700999001300826145BR-CuiBMT20231129134718.0230821s2022 mgba 000 0 por d a9786555184402 aBR-CuiBMTcBR-CuiBMT 22007a342:37.014 a342:37.014bT649p1 aToledo, Carlos José Teixeira de10aPolíticas públicas e valorização do professor da educação básica :bum estudo jurídico-institucional /cCarlos José Teixeira de Toledo ; prefácio Maria Paula Dallari Bucci. aBelo Horizonte :bFórum,c2022. a322 p. :bil. ;c22 cm1 aColeção Fórum direito e políticas públicas ;vv. 2 aInclui bibliografia. aPolíticas públicas aDireito público aPolíticas educacionais 0aColeção Fórum direito e políticas públicas ;v2 2udccLV 00102udc4070aBIBTCEMTbBIBTCEMTd2023-06-28l0o342:37.014 T649ppBIBTCEMT23080122r2023-08-21tEx. 1w2023-08-21yLV c145d145